[Event "Druzynowe Mistrzostwa Polski - II Liga 2023"]
[Site "Jastrzebia Gora"]
[Date "1899-12-30"]
[Round "7.69"]
[White "Celinski, Kamil"]
[Black "Mirski, Michal"]
[Result "0-1"]
[WhiteTitle "I++"]
[BlackTitle "I++"]
[WhiteElo "1841"]
[BlackElo "1995"]

1. e4 c5 2. Nf3 d6 3. Bb5+ Nd7 4. O-O Ngf6 5. Re1 e6 6. c3 a6 7. Ba4 b5 8. Bc2
Bb7 9. d4 cxd4 10. cxd4 Be7 11. Nbd2 O-O 12. Nf1 Rc8 13. Ng3 Qc7 14. Bd3 Rfd8
15. Qe2 Nf8 16. Bg5 Ng6 17. h4 h6 18. Bd2 Nd7 19. h5 Ngf8 20. Nh2 Nh7 21. a4 bxa4
22. Rxa4 Qb8 23. Ng4 Nhf6 24. Ne3 d5 25. e5 Ne4 26. Bxe4 dxe4 27. Qg4 Nxe5 28.
dxe5 Rxd2 29. Ra5 Rxb2 30. Nxe4 Bxe4 31. Qxe4 Qb4 32. Qxb4 Bxb4 33. Rea1 Bxa5
34. Rxa5 Rc1+ 35. Kh2 Rxf2 36. Rxa6 Re1 37. Ng4 Rf5 38. Ra8+ Kh7 39. Kg3 Rxh5
40. Ra7 Rf5 41. Kh4 h5 42. Nh2 g5+ 43. Kxh5 Rh1 44. Kg4 Rxh2 45. g3 Kg6 46. Rxf7
Rh4+ 0-1

[Event "Druzynowe Mistrzostwa Polski - II Liga 2023"]
[Site "Jastrzebia Gora"]
[Date "1899-12-30"]
[Round "7.70"]
[White "Pietrzak, Tomasz"]
[Black "Kaminski, Jan"]
[Result "1/2-1/2"]
[WhiteTitle "I"]
[BlackTitle "I++"]
[WhiteElo "1786"]
[BlackElo "1858"]

1. Nf3 d5 2. c4 c6 3. b3 Nf6 4. Bb2 Bf5 5. g3 e6 6. Bg2 Nbd7 7. O-O Be7 8. d3 h6
9. Nbd2 O-O 10. Re1 Bh7 11. Qc2 Re8 12. Rad1 Qc7 13. e4 dxe4 14. dxe4 e5 15. Nh4
Rad8 16. Nf5 Bf8 17. a3 1/2-1/2

[Event "Druzynowe Mistrzostwa Polski - II Liga 2023"]
[Site "Jastrzebia Gora"]
[Date "1899-12-30"]
[Round "7.71"]
[White "Worobiej, Daniel"]
[Black "Soliwoda, Zygmunt"]
[Result "1-0"]
[WhiteTitle "I++"]
[BlackTitle "I"]
[WhiteElo "1927"]
[BlackElo "1752"]

1. e4 c5 2. Nf3 g6 3. d4 cxd4 4. Nxd4 Nf6 5. Nc3 d6 6. Be3 Bg7 7. f3 Nc6 8. Qd2
O-O 9. O-O-O Nxd4 10. Bxd4 Be6 11. g4 Qa5 12. Kb1 Rfc8 13. a3 Rab8 14. g5 Nd7
15. Nd5 Qd8 16. Bxg7 Kxg7 17. h4 Bxd5 18. Qxd5 Qc7 19. Qd4+ Kg8 20. Qd2 b5 21.
h5 b4 22. axb4 Rxb4 23. hxg6 Qa5 24. gxf7+ Kf8 25. b3 Qa3 26. Bd3 Rcb8 27. Bc4
Rxc4 28. g6 hxg6 29. Rh8+ Kxf7 30. Rxb8 Nxb8 31. Qd5+ e6 32. Qxc4 Qc5 33. Qxc5
dxc5 34. Kb2 Kf6 35. f4 g5 36. fxg5+ Kxg5 37. Rf1 Nc6 38. Kc3 Ne5 39. Rf8 a5 40.
Re8 Kf6 41. Ra8 Ng4 42. Rxa5 Nf2 43. e5+ Kxe5 44. Rxc5+ Kd6 45. Kd4 Ng4 46. Rg5
Nf6 47. c4 Nd7 48. b4 Nb8 49. c5+ Kc6 50. Kc4 Nd7 51. b5+ Kc7 52. Rg7 Kc8 53.
Rxd7 Kxd7 54. Kd4 1-0

[Event "Druzynowe Mistrzostwa Polski - II Liga 2023"]
[Site "Jastrzebia Gora"]
[Date "1899-12-30"]
[Round "7.72"]
[White "Uliasz, Katarzyna"]
[Black "Kopica, Paulina"]
[Result "1-0"]
[WhiteTitle "I++"]
[BlackTitle "k"]
[WhiteElo "1764"]
[BlackElo "1895"]

1. d4 e6 2. g3 f5 3. Bg2 Nf6 4. c4 d5 5. Nh3 Be7 6. O-O O-O 7. Qc2 c6 8. Rd1 Na6
9. a3 Nc7 10. Nf4 g5 11. Nd3 Ne4 12. f3 Nd6 13. cxd5 exd5 14. Ne5 Ne6 15. e4 Bf6
16. Nxc6 bxc6 17. e5 Nxd4 18. Rxd4 Qb6 19. Be3 Bxe5 20. Qd2 Bxd4 21. Bxd4 Qd8
22. h4 f4 23. Nc3 Nc4 24. Qf2 Rb8 25. b4 a5 26. Bf1 axb4 27. axb4 Rxb4 28. Ne2
Rb3 29. gxf4 gxf4 30. Nxf4 Rxf4 31. Qg2+ Rg4 32. fxg4 Qxh4 33. Bf2 Qxg4 34. Ra8
Qxg2+ 35. Bxg2 Rb1+ 36. Kh2 Nd6 37. Bg3 Kf7 38. Bxd6 Bf5 39. Ra6 Bd7 40. Ra7 Ke8
41. Bf3 Rb3 42. Bh5+ Kd8 43. Ra8+ Bc8 44. Bg4 Rb2+ 45. Kg3 Ke8 46. Be6 Rb3+ 47.
Kh4 1-0

[Event "Druzynowe Mistrzostwa Polski - II Liga 2023"]
[Site "Jastrzebia Gora"]
[Date "1899-12-30"]
[Round "7.73"]
[White "Luba, Lukasz"]
[Black "Jaskolka, Tomasz"]
[Result "1/2-1/2"]
[WhiteTitle "k"]
[BlackTitle "CM"]
[WhiteElo "2054"]
[BlackElo "2228"]

1. c4 g6 2. Nc3 Bg7 3. d4 c5 4. e3 Nf6 5. Be2 cxd4 6. exd4 d5 7. b3 Nc6 8. Be3
Qa5 9. Qd2 dxc4 10. bxc4 Ng4 11. Nf3 e5 12. Nb5 Nxe3 13. fxe3 Qxd2+ 14. Kxd2 O-O
15. d5 e4 16. Nfd4 Nxd4 17. Nxd4 f5 18. c5 f4 19. Rab1 fxe3+ 20. Kxe3 Bh6+ 21.
Kxe4 Bf5+ 22. Nxf5 Rae8+ 23. Kd4 Rxf5 24. Bf3 Be3+ 25. Kd3 Bxc5 26. Rhe1 Rxe1
27. Rxe1 Kf7 28. Kc4 Bd6 29. h3 Rf4+ 30. Re4 Rxe4+ 31. Bxe4 Kf6 32. a4 Ke5 33.
Bf3 a6 34. Bg4 b5+ 1/2-1/2

[Event "Druzynowe Mistrzostwa Polski - II Liga 2023"]
[Site "Jastrzebia Gora"]
[Date "1899-12-30"]
[Round "7.74"]
[White "Pulik, Krzysztof"]
[Black "Laszewicz, Pawel"]
[Result "1-0"]
[WhiteTitle "k"]
[BlackTitle "k"]
[WhiteElo "2074"]
[BlackElo "1997"]

1. e4 e5 2. Nf3 Nc6 3. Bc4 Bc5 4. c3 Nf6 5. d3 d6 6. Bb3 a6 7. Nbd2 Ba7 8. O-O
Na5 9. Bc2 c5 10. Re1 Nc6 11. Nf1 h6 12. a4 b5 13. h3 Be6 14. Be3 Qc7 15. axb5
axb5 16. d4 Ne7 17. d5 Bd7 18. Nxe5 dxe5 19. d6 Qd8 20. dxe7 Qxe7 21. Ng3 O-O
22. Qf3 Rfc8 23. Ra6 Rc6 24. Rea1 Rxa6 25. Rxa6 Bc8 26. Nf5 Bxf5 27. Qxf5 Rd8
28. Bb3 Kf8 29. Bxh6 gxh6 30. Rxf6 c4 31. Rxh6 cxb3 32. Rh8+ Kg7 33. Qh7+ Kf6
34. Qh6# 1-0

[Event "Druzynowe Mistrzostwa Polski - II Liga 2023"]
[Site "Jastrzebia Gora"]
[Date "1899-12-30"]
[Round "7.75"]
[White "Majocha, Piotr"]
[Black "Wozniak, Maciej"]
[Result "1/2-1/2"]
[WhiteTitle "I++"]
[BlackTitle "k"]
[WhiteElo "2004"]
[BlackElo "1999"]

1. Nf3 d5 2. c4 d4 3. e3 Nc6 4. exd4 Nxd4 5. Nxd4 Qxd4 6. Nc3 e5 7. Be2 Nf6 8.
O-O Bc5 9. b4 Be7 10. Bb2 O-O 11. Nb5 Qxb2 12. Rb1 Qxa2 13. Ra1 Qb2 14. Rb1 Qa2
15. Ra1 Qb2 1/2-1/2

[Event "Druzynowe Mistrzostwa Polski - II Liga 2023"]
[Site "Jastrzebia Gora"]
[Date "1899-12-30"]
[Round "7.76"]
[White "Wozniak, Marcin"]
[Black "Sypien, Natan"]
[Result "1/2-1/2"]
[WhiteTitle "I++"]
[BlackTitle "I"]
[WhiteElo "1817"]
[BlackElo "1770"]

1. e4 e5 2. Nf3 Nc6 3. Bb5 a6 4. Bxc6 dxc6 5. O-O Bd6 6. d4 exd4 7. Qxd4 f6 8.
Be3 Ne7 9. Nbd2 Be6 10. Rad1 Ng6 11. Nc4 Bxc4 12. Qxc4 Qe7 13. Qb3 O-O-O 14. Rfe1
Rhe8 15. g3 h5 16. h4 Qe6 17. Qxe6+ Rxe6 18. Nd2 Ne5 19. f3 Bb4 20. Kf2 Red6 21.
c3 Nd3+ 22. Ke2 Nxe1 23. Rxe1 Bc5 24. Nc4 Bxe3 25. Nxd6+ cxd6 1/2-1/2

[Event "Druzynowe Mistrzostwa Polski - II Liga 2023"]
[Site "Jastrzebia Gora"]
[Date "1899-12-30"]
[Round "7.77"]
[White "Szydelko, Michal"]
[Black "Wozny, Tomasz"]
[Result "1-0"]
[WhiteTitle "I++"]
[BlackTitle "I"]
[WhiteElo "1731"]
[BlackElo "1757"]

1. e4 c5 2. Nf3 e6 3. Nc3 Nc6 4. g3 a6 5. Bg2 Qc7 6. O-O g6 7. d4 cxd4 8. Nxd4
Bg7 9. Nxc6 bxc6 10. Be3 Ne7 11. Bd4 O-O 12. Bxg7 Kxg7 13. Qd4+ e5 14. Qd3 d6
15. b3 a5 16. Rfd1 Rd8 17. Na4 Ba6 18. Qe3 Qa7 19. Qxa7 Rxa7 20. c4 f5 21. Rd2
fxe4 22. Rad1 Nf5 23. Bxe4 Nd4 24. f4 Bc8 25. Re1 Re7 26. Bg2 Rde8 27. fxe5 Rxe5
28. Rxe5 dxe5 29. Nc5 Bf5 30. Kf2 h5 31. Ke3 Nc2+ 32. Kf2 Nd4 33. Ke3 Nc2+ 34.
Ke2 Nd4+ 35. Kf1 Kh6 36. Nb7 a4 37. bxa4 Rb8 38. Nd6 Kg7 39. a5 Ra8 40. Nb5 Rxa5
41. Nxd4 exd4 42. Bxc6 Bb1 43. a4 d3 44. Bb5 Bc2 45. Ke1 Bxa4 46. Ra2 Rxb5 47.
cxb5 Bxb5 48. Ra5 Bc6 49. Ra7+ Kh6 50. Re7 Bf3 51. Kd2 h4 52. Kxd3 hxg3 53. hxg3
Bg4 54. Ke4 Kg5 55. Re5+ Bf5+ 56. Kf3 Kf6 57. Rb5 Bc2 58. Kf4 Bd3 59. Rb6+ Kf7
60. Kg5 Bc2 61. Rb7+ Kf8 62. Kf6 Kg8 63. Rg7+ Kh8 64. Rxg6 1-0

[Event "Druzynowe Mistrzostwa Polski - II Liga 2023"]
[Site "Jastrzebia Gora"]
[Date "1899-12-30"]
[Round "7.78"]
[White "Trybowska, Barbara"]
[Black "Dmochowska, Agnieszka"]
[Result "1/2-1/2"]
[WhiteTitle "I++"]
[BlackTitle "WFM"]
[WhiteElo "1836"]
[BlackElo "2040"]

1. e4 e6 2. d4 d5 3. e5 c5 4. c3 Nc6 5. Nf3 Bd7 6. a3 f6 7. b4 c4 8. g3 Qc7 9.
Qe2 O-O-O 10. h4 f5 11. Ng5 Nh6 12. Bh3 Be7 13. Nd2 Rdf8 14. Nf1 Nf7 15. Bg2 h6
16. Nxf7 Rxf7 17. Be3 a6 18. Nd2 Rff8 19. h5 Be8 20. Nf1 Na7 21. a4 Nc6 22. Nd2
Rfg8 23. Rb1 g6 24. hxg6 Bxg6 25. Bf4 h5 26. Nf3 Be8 27. Nh4 Qd8 28. Bf3 Na7 29.
Qc2 Qd7 30. Ra1 b6 31. Qa2 Nc6 32. Qb2 Nd8 33. Be2 Nf7 34. Qa2 Kb7 35. Bf3 Ka7
36. Be2 Kb7 37. Bf3 Ka7 38. Be2 Rh7 39. Bf3 Ng5 40. Qe2 Rgh8 41. Bg2 Rg8 42. Kd2
Qd8 43. Kc2 Ne4 1/2-1/2

[Event "Druzynowe Mistrzostwa Polski - II Liga 2023"]
[Site "Jastrzebia Gora"]
[Date "1899-12-30"]
[Round "7.79"]
[White "Bebel, Arkadiusz"]
[Black "Siwiec, Arkadiusz"]
[Result "1/2-1/2"]
[WhiteTitle "FM"]
[BlackTitle "I++"]
[WhiteElo "2250"]
[BlackElo "2211"]

1. Nf3 d5 2. g3 c5 3. Bg2 Nc6 4. d4 e6 5. O-O Nf6 6. c4 dxc4 7. dxc5 Qxd1 8. Rxd1
Bxc5 9. Nbd2 Ke7 10. Nxc4 Ne4 11. e3 Nd6 12. Nce5 Nxe5 13. Nxe5 Rd8 14. Bd2 a5
15. Rac1 Bb6 16. b4 f6 17. Nd3 Ke8 18. Nc5 axb4 19. Bxb4 Rxa2 20. Nd7 Rxd7 21.
Bxd6 Rd8 22. Rb1 Ba7 23. Bxb7 Kf7 24. Bf3 Ra6 25. Bc7 Rxd1+ 26. Rxd1 Bc5 27. Rd8
Ra1+ 28. Kg2 Ba6 29. Rd7+ Be7 30. h4 Bc8 31. Rd2 Rc1 32. Ba5 Ra1 33. Bd8 Rc1 34.
Bxe7 1/2-1/2

[Event "Druzynowe Mistrzostwa Polski - II Liga 2023"]
[Site "Jastrzebia Gora"]
[Date "1899-12-30"]
[Round "7.80"]
[White "Jankowiak, Tomasz"]
[Black "Zysko, Jan"]
[Result "1/2-1/2"]
[WhiteTitle "CM"]
[BlackTitle "k+"]
[WhiteElo "2174"]
[BlackElo "2167"]

1. e4 c5 2. Nf3 d6 3. d4 cxd4 4. Nxd4 Nf6 5. Nc3 e6 6. Bg5 Be7 7. Be3 a6 8. Bd3
b5 9. O-O Bb7 10. a3 Nbd7 11. f4 Rc8 12. Qf3 h5 13. h3 Nc5 14. Rae1 g6 15. Bd2
d5 16. exd5 Nxd5 17. Nxd5 Qxd5 18. Bc3 Nxd3 19. cxd3 Qxf3 20. Nxf3 O-O 21. g4
Rfd8 22. Ne5 Bxa3 23. f5 gxf5 24. gxf5 Kh7 25. Nxf7 Rg8+ 26. Kf2 Rg2+ 27. Ke3
exf5 28. Rxf5 Bxb2 29. Bxb2 Rxb2 30. Rg1 Rg2 31. Rxg2 Bxg2 32. Rxh5+ Kg6 33. Rg5+
Kxf7 34. Rxg2 b4 35. Kd4 Rb8 36. Kc4 a5 37. Rb2 Ke6 38. h4 Rh8 39. Re2+ Kd6 40.
Re4 Rc8+ 41. Kb5 Rb8+ 42. Ka4 Kd5 43. Kb3 a4+ 44. Kb2 Kc5 45. Rc4+ Kb5 46. Rg4
Rf8 47. Rg5+ Kb6 48. Rg6+ Kc5 49. Rg5+ Kb6 50. Rg6+ Kc5 51. Rg5+ Kd6 52. Rg6+
Ke5 53. Rg5+ Kd6 54. Rg6+ Kc5 1/2-1/2

[Event "Druzynowe Mistrzostwa Polski - II Liga 2023"]
[Site "Jastrzebia Gora"]
[Date "1899-12-30"]
[Round "7.81"]
[White "Gluszko, Tomasz"]
[Black "Jankowiak, Piotr"]
[Result "1/2-1/2"]
[WhiteTitle "CM"]
[BlackTitle "k"]
[WhiteElo "2192"]
[BlackElo "2073"]

1. d4 Nf6 2. c4 e6 3. g3 d5 4. Bg2 Be7 5. Nf3 O-O 6. O-O b6 7. Nc3 Bb7 8. b3 Nbd7
9. Ne5 c5 10. cxd5 exd5 11. Bb2 cxd4 12. Qxd4 Bc5 13. Qf4 Nxe5 14. Qxe5 1/2-1/2

[Event "Druzynowe Mistrzostwa Polski - II Liga 2023"]
[Site "Jastrzebia Gora"]
[Date "1899-12-30"]
[Round "7.82"]
[White "Grzeskow, Adrian"]
[Black "Solnicki, Michal"]
[Result "1/2-1/2"]
[WhiteTitle "I+"]
[BlackTitle "k"]
[WhiteElo "1955"]
[BlackElo "2110"]

1. e4 e5 2. Bc4 Nf6 3. d3 c6 4. Qe2 Bc5 5. Nc3 d6 6. f4 Bg4 7. Nf3 Nbd7 8. Bb3
Qe7 9. h3 Be6 10. Bxe6 Qxe6 11. f5 Qe7 12. g4 h6 13. Be3 Bxe3 14. Qxe3 d5 15.
exd5 Nxd5 16. Qd2 Nxc3 17. Qxc3 O-O-O 18. O-O-O Rhe8 19. Rhe1 Qd6 20. Re4 Qd5
21. Rde1 Nf6 22. R4e3 e4 23. dxe4 Rxe4 24. b3 Rxe3 25. Qxe3 Qa5 26. a4 Qb4 27.
Kb2 Re8 28. Qf2 Rxe1 29. Nxe1 Nd5 30. Nd3 Qc3+ 31. Kb1 a6 32. Qe2 Kd8 33. Qh2
Kc8 34. Qd6 Qd4 35. Qf8+ Kc7 36. Qxf7+ Kb6 37. Qe6 Nc3+ 38. Kc1 Na2+ 39. Kb1 Nc3+
40. Kc1 Na2+ 41. Kd2 Qc3+ 42. Kd1 Qa1+ 43. Ke2 Nc3+ 44. Kf2 Nd5 45. Qe2 Qd4+ 46.
Kf3 Qc3 47. h4 Ka7 48. g5 hxg5 49. hxg5 Ka8 50. Kg4 Qd4+ 51. Kh5 Ne3 52. Qf2 Qe4
53. Kg6 Qe8+ 54. Kxg7 Qe7+ 55. Kg6 Qe8+ 56. Kg7 1/2-1/2

[Event "Druzynowe Mistrzostwa Polski - II Liga 2023"]
[Site "Jastrzebia Gora"]
[Date "1899-12-30"]
[Round "7.83"]
[White "Chrzaszcz, Malvina"]
[Black "Statucki, Maciej"]
[Result "1/2-1/2"]
[WhiteTitle "k+"]
[BlackTitle "I"]
[WhiteElo "1962"]
[BlackElo "1868"]

1. e4 c5 2. Nf3 d6 3. d4 cxd4 4. Nxd4 Nf6 5. Nc3 g6 6. Be3 Bg7 7. f3 O-O 8. Qd2
Nc6 9. Bc4 Bd7 10. O-O-O Rc8 11. Bb3 Ne5 12. h4 h5 13. Bg5 Rc5 14. Kb1 b5 15.
Nd5 Rxd5 16. Bxd5 a5 17. a3 Qb6 18. g4 b4 19. a4 Nxd5 20. exd5 Rc8 21. gxh5 Nc4
22. Qf4 Be5 23. Qe4 Na3+ 24. Ka2 Nxc2 25. hxg6 Nxd4 26. gxf7+ Kxf7 27. Qh7+ Bg7
28. Be3 b3+ 29. Kb1 Bf5+ 30. Qxf5+ Nxf5 31. Bxb6 Rc2 32. Rd3 Rxb2+ 33. Kc1 Rc2+
34. Kb1 Rb2+ 35. Kc1 1/2-1/2

[Event "Druzynowe Mistrzostwa Polski - II Liga 2023"]
[Site "Jastrzebia Gora"]
[Date "1899-12-30"]
[Round "7.84"]
[White "Czarniecka, Aleksandra"]
[Black "Gluszko, Monika"]
[Result "0-1"]
[WhiteTitle "m"]
[BlackTitle "k"]
[WhiteElo "2000"]
[BlackElo "1915"]

1. e4 c5 2. Nf3 Nc6 3. d4 cxd4 4. Nxd4 Nf6 5. Nc3 d6 6. Bg5 e6 7. Qd2 Be7 8. f4
O-O 9. O-O-O Nxd4 10. Qxd4 Qa5 11. Kb1 h6 12. Bh4 e5 13. fxe5 dxe5 14. Qf2 Ng4
15. Qe1 Bxh4 16. Qxh4 Be6 17. Nd5 Qc5 18. h3 Rac8 19. Ne7+ Kh7 20. Nxc8 Nf2 21.
Rd8 g5 0-1

[Event "Druzynowe Mistrzostwa Polski - II Liga 2023"]
[Site "Jastrzebia Gora"]
[Date "1899-12-30"]
[Round "7.85"]
[White "Daniel, Damian"]
[Black "Markiewicz, Jerzy"]
[Result "1-0"]
[WhiteTitle "CM"]
[BlackTitle "FM"]
[WhiteElo "2114"]
[BlackElo "2159"]

1. d4 Nf6 2. c4 g6 3. Nc3 Bg7 4. e4 d6 5. h3 O-O 6. Nf3 e5 7. d5 a5 8. g4 Na6 9.
Be3 Nd7 10. Nd2 Ndc5 11. Nb3 Nxb3 12. axb3 b6 13. Be2 f5 14. gxf5 gxf5 15. exf5
Bxf5 16. Bg4 Qf6 17. Qf3 Bg6 18. Qxf6 Bxf6 19. Rg1 Kh8 20. Kd2 Bh4 21. Rg2 Nb4
22. Nb5 Rf7 23. Be6 Re7 24. Rag1 Rf8 25. Ke2 Bh5+ 26. Kf1 Bg6 27. Rg4 Nc2 28.
Rxh4 Nxe3+ 29. Ke1 Nf5 30. Bxf5 Bxf5 31. Rg3 Rg8 32. Rxg8+ Kxg8 33. Rh5 Bg6 34.
Rg5 Kf8 35. h4 Be8 36. Nc3 Rf7 37. Ne2 Rf3 38. Rg3 Rf6 39. f4 exf4 40. Rf3 Ke7
1-0

[Event "Druzynowe Mistrzostwa Polski - II Liga 2023"]
[Site "Jastrzebia Gora"]
[Date "1899-12-30"]
[Round "7.86"]
[White "Zaskalski, Arkadiusz"]
[Black "Rychlik, Hanna"]
[Result "0-1"]
[WhiteTitle "k"]
[BlackTitle "k"]
[WhiteElo "2085"]
[BlackElo "2026"]

1. c4 e5 2. Nc3 Nc6 3. g3 f5 4. Bg2 g6 5. e3 Bg7 6. Nge2 Nf6 7. d3 O-O 8. Rb1 a5
9. a3 Qe7 10. O-O d6 11. b4 axb4 12. axb4 Nd8 13. Qc2 g5 14. f4 h6 15. Bd2 c6
16. b5 Be6 17. bxc6 bxc6 18. fxe5 dxe5 19. Na4 Qf7 20. Nc5 Bc8 21. d4 Qh5 22.
dxe5 Ng4 23. h3 Nxe5 24. Nd4 f4 25. exf4 gxf4 26. Bxf4 Ng6 27. Ncb3 Nxf4 28. Rxf4
Rxf4 29. gxf4 Bxh3 30. Nxc6 Nxc6 31. Bxc6 Bf5 32. Bd5+ Kh7 33. Qd2 Ra6 34. Rf1
Rg6+ 35. Bg2 Be4 36. Rf2 Qh3 37. f5 Rg4 38. f6 Bxf6 39. Qd7+ Bg7 40. Qd2 Qxb3
41. Qe2 Qg3 42. Qd2 Bxg2 43. Rxg2 Bd4+ 44. Kh1 Qh3+ 0-1

[Event "Druzynowe Mistrzostwa Polski - II Liga 2023"]
[Site "Jastrzebia Gora"]
[Date "1899-12-30"]
[Round "7.87"]
[White "Reichel, Lukasz"]
[Black "Augustyn, Sebastian"]
[Result "1/2-1/2"]
[WhiteTitle "I"]
[BlackTitle "k"]
[WhiteElo "1928"]
[BlackElo "2046"]

1. e4 g6 2. d4 Bg7 3. Nc3 c5 4. Nf3 cxd4 5. Nxd4 Nc6 6. Nb3 Nf6 7. Be2 O-O 8. Be3
a5 9. a4 Nb4 10. f4 d5 11. e5 Ne4 12. Nb5 f6 13. exf6 Bxf6 14. c3 Nc6 15. O-O
e6 16. N3d4 Nd6 17. Qb3 Nxb5 18. Nxb5 Qe7 19. Rae1 Bd7 20. Bf3 Be8 21. Re2 Bf7
22. Rfe1 Qd7 23. Bc5 Be7 24. Bxe7 Nxe7 25. Qd1 Rfe8 26. Bg4 Nc6 27. Nd4 Nxd4 28.
Qxd4 Rad8 29. Re3 Qd6 30. h4 h5 31. Bh3 b6 32. Qf6 d4 33. Rd3 Qc5 34. Rxd4 Rxd4
35. cxd4 Qb4 36. Re2 Qxa4 37. Kh2 Qd7 38. g4 hxg4 39. Bxg4 Qd8 40. Qg5 Qxg5 41.
hxg5 Rd8 42. Bxe6 Rxd4 43. Kg3 Rb4 44. Bxf7+ Kxf7 45. Kg4 a4 46. Rc2 Ke7 47. Rc7+
Kf8 48. Rc8+ Kf7 49. Rc7+ Kf8 50. Rc8+ Kf7 51. Rc7+ Kf8 1/2-1/2

[Event "Druzynowe Mistrzostwa Polski - II Liga 2023"]
[Site "Jastrzebia Gora"]
[Date "1899-12-30"]
[Round "7.88"]
[White "Draganik, Grzegorz"]
[Black "Borowski, Przemyslaw"]
[Result "0-1"]
[WhiteTitle "I"]
[BlackTitle "I"]
[WhiteElo "1858"]
[BlackElo "1794"]

1. Nf3 d5 2. e3 Nf6 3. c4 g6 4. b3 Bg7 5. Bb2 O-O 6. Be2 dxc4 7. Bxc4 a6 8. d4
b5 9. Be2 Nbd7 10. b4 Ne4 11. O-O Bb7 12. Qc2 Nb6 13. Nbd2 Nd6 14. Rfc1 Na4 15.
Rab1 Nxb2 16. Rxb2 Rc8 17. Qc5 f6 18. Bd1 Kh8 19. Bb3 Qd7 20. Rbc2 e5 21. Bd5
c6 22. Bb3 e4 23. Ne1 f5 24. g3 g5 25. Ng2 Rce8 26. Qb6 f4 27. d5 Qh3 28. dxc6
Bc8 29. Nf1 Bg4 30. Rd2 Bf3 31. Ne1 fxg3 32. fxg3 Be5 33. Nxf3 exf3 34. Bd5 g4
35. e4 f2+ 36. Rxf2 Rf3 37. Rxf3 gxf3 38. Rc2 Qh6 39. Rd2 Qf6 40. Kf2 Bc3 41.
Rd3 Qe5 42. Qe3 Bxb4 43. Rb3 Nc4 44. Qxf3 Rf8 45. Bf7 Qe7 46. Kg2 Rxf7 47. Qg4
Ne5 48. Qe2 Bc5 49. Ne3 Nxc6 50. Rc3 Qxe4+ 51. Kh3 Qe6+ 52. Kg2 Nd4 53. Qd3 Ba7
54. g4 Qf6 55. Rc8+ Kg7 56. Nf5+ Nxf5 57. gxf5 Qg5+ 58. Kh3 Qxf5+ 59. Qxf5 Rxf5
60. Rc6 Rf6 61. Rc7+ Rf7 62. Rc6 a5 63. Ra6 a4 64. Ra5 Rb7 0-1

[Event "Druzynowe Mistrzostwa Polski - II Liga 2023"]
[Site "Jastrzebia Gora"]
[Date "1899-12-30"]
[Round "7.89"]
[White "Szmyd, Marek"]
[Black "Mirowska, Oliwia"]
[Result "1/2-1/2"]
[WhiteTitle "k"]
[BlackTitle "k"]
[WhiteElo "1873"]
[BlackElo "1976"]

1. e4 c5 2. Nf3 e6 3. d4 cxd4 4. Nxd4 a6 5. c4 Nf6 6. Nc3 Bb4 7. Bd3 Nc6 8. Nxc6
dxc6 9. O-O e5 10. Bg5 O-O 11. Qf3 h6 12. Bxf6 Qxf6 13. Qxf6 gxf6 14. Ne2 Bg4
15. f3 Be6 16. Rfd1 Rfd8 17. b3 Rd7 18. Bc2 Rad8 19. Rxd7 Rxd7 20. Rd1 Rxd1+ 21.
Bxd1 f5 22. Ng3 f4 23. Nf5 Bxf5 24. exf5 Kg7 25. Bc2 Kf6 26. Kf1 1/2-1/2

[Event "Druzynowe Mistrzostwa Polski - II Liga 2023"]
[Site "Jastrzebia Gora"]
[Date "1899-12-30"]
[Round "7.90"]
[White "Jalowiec, Halina"]
[Black "Dranka, Jowita"]
[Result "1/2-1/2"]
[WhiteTitle "WFM"]
[BlackTitle "I+"]
[WhiteElo "1773"]
[BlackElo "1636"]

1. d4 d5 2. Nf3 c6 3. Bf4 Nf6 4. e3 Bg4 5. h3 Bxf3 6. Qxf3 e6 7. Nd2 h6 8. Bd3
Bd6 9. Bxd6 Qxd6 10. c3 Nbd7 11. O-O O-O 12. e4 dxe4 13. Nxe4 Nxe4 14. Bxe4 Nf6
15. Bc2 Rad8 16. Rad1 Qc7 17. Qe3 Nd5 18. Qe4 Nf6 19. Qe5 Qb6 20. Bb3 Rd7 21.
Rd3 Qc7 22. Qxc7 Rxc7 23. f4 Rd8 24. Re3 c5 25. dxc5 Rxc5 26. f5 e5 27. Rfe1 e4
28. g4 Rd2 29. R1e2 Rxe2 30. Rxe2 Kf8 31. Kf2 h5 32. Kg3 hxg4 33. hxg4 g6 34.
Kf4 gxf5 35. gxf5 Nh5+ 36. Kg4 Nf6+ 37. Kg5 Nh7+ 38. Kf4 Nf6 39. Rg2 Ke7 40. Rg5
Rc8 41. Ke3 Rh8 42. Rg7 Rh3+ 43. Kd4 Rd3+ 44. Ke5 Nd7+ 45. Kxe4 Nc5+ 46. Ke5 Nxb3
47. f6+ Kf8 48. axb3 Re3+ 49. Kf4 Re6 50. Kf5 Re2 51. Rh7 Kg8 52. Rg7+ Kf8 53.
Rg4 Rf2+ 54. Ke5 Rxb2 55. Rc4 Ke8 56. Rb4 b6 57. Kd6 Rf2 58. Re4+ Kd8 59. Ke5
Rc2 60. Re3 Rb2 61. Kd6 Rf2 62. Ke5 Rb2 63. b4 a5 64. bxa5 bxa5 65. c4 Rb6 66.
Ra3 Re6+ 67. Kf5 Ra6 68. Ke5 Re6+ 69. Kf5 1/2-1/2

[Event "Druzynowe Mistrzostwa Polski - II Liga 2023"]
[Site "Jastrzebia Gora"]
[Date "1899-12-30"]
[Round "7.91"]
[White "Balinski, Damian"]
[Black "Janocha, Wieslaw"]
[Result "1-0"]
[WhiteTitle "k"]
[BlackTitle "FM"]
[WhiteElo "2196"]
[BlackElo "2208"]

1. d4 d5 2. c4 c6 3. Nc3 Nf6 4. e3 e6 5. Nf3 Nbd7 6. Qc2 Bd6 7. Bd3 O-O 8. O-O
dxc4 9. Bxc4 e5 10. Bb3 exd4 11. exd4 Nb6 12. Bg5 Be6 13. Bxe6 fxe6 14. Ne4 Nbd5
15. Nc5 Qe7 16. Rfe1 Bxc5 17. dxc5 Rae8 18. Ne5 Qc7 19. Bxf6 gxf6 20. Nc4 Qg7
21. Nd6 Re7 22. Rad1 Qg6 23. Qc4 Kh8 24. Rd3 Rg8 25. Rg3 Qh5 26. b4 a6 27. a4
e5 28. b5 axb5 29. axb5 Ra8 30. h3 Rd7 31. Nxb7 Rxb7 32. bxc6 Rc7 33. Qxd5 Rac8
34. Rb1 Qf7 35. Qd6 Qf8 36. Rb7 Qxd6 37. cxd6 Rxc6 38. Rgg7 Rxd6 39. Rxh7+ Kg8
40. Rbg7+ Kf8 41. Rf7+ Ke8 42. h4 Rc4 43. g3 1-0

[Event "Druzynowe Mistrzostwa Polski - II Liga 2023"]
[Site "Jastrzebia Gora"]
[Date "1899-12-30"]
[Round "7.92"]
[White "Wieczorek, Mikolaj"]
[Black "Zerebiec, Maurycy"]
[Result "1/2-1/2"]
[WhiteTitle "I++"]
[BlackTitle "I++"]
[WhiteElo "1903"]
[BlackElo "1971"]

1. e4 e6 2. d4 d5 3. e5 c5 4. c3 Qd7 5. Nf3 b6 6. h4 h5 7. Na3 Ba6 8. Bxa6 Nxa6
9. Nc2 cxd4 10. Ncxd4 Nc5 11. O-O Ne7 12. Qe2 Rc8 13. a4 a5 14. Rd1 Ne4 15. Nb5
Nf5 16. Be3 Bc5 1/2-1/2

[Event "Druzynowe Mistrzostwa Polski - II Liga 2023"]
[Site "Jastrzebia Gora"]
[Date "1899-12-30"]
[Round "7.93"]
[White "Grzesik, Norbert"]
[Black "Gibala, Adam"]
[Result "1/2-1/2"]
[WhiteTitle "I++"]
[BlackTitle "I"]
[WhiteElo "1857"]
[BlackElo "1828"]

1. d4 Nf6 2. Nf3 e6 3. c4 Bb4+ 4. Bd2 a5 5. a3 Bxd2+ 6. Qxd2 b6 7. Nc3 Bb7 8. e3
Bxf3 9. gxf3 d5 10. e4 dxe4 11. fxe4 Nc6 12. d5 Ne5 13. O-O-O Ng6 14. f4 e5 15.
fxe5 Nxe5 16. Be2 Nfd7 17. Rhg1 Qf6 18. Rdf1 Qh6 19. Qxh6 gxh6 20. Kc2 O-O-O 21.
Rg3 Rhg8 22. Rfg1 Rg6 23. Nd1 Rdg8 24. Nf2 Kd8 25. Kc3 Ke7 26. Kd4 Kd6 27. Ng4
Nxg4 28. Bxg4 Ne5 29. Be2 c5+ 30. Ke3 Rg5 31. b3 f6 32. Bh5 a4 33. bxa4 Nxc4+
34. Kf4 Nxa3 35. Rc1 Rxg3 36. hxg3 Ra8 37. Bd1 b5 38. axb5 Nxb5 39. Rb1 Ra5 40.
Kf5 c4 41. Kxf6 Kc5 42. Rc1 Kd4 43. e5 Kxd5 44. Bf3+ Kc5 45. e6 Ra3 46. Be2 Nd6
1/2-1/2

[Event "Druzynowe Mistrzostwa Polski - II Liga 2023"]
[Site "Jastrzebia Gora"]
[Date "1899-12-30"]
[Round "7.94"]
[White "Nagly, Wojciech"]
[Black "Kossobudzki, Robert"]
[Result "1-0"]
[WhiteTitle "I"]
[BlackTitle "I"]
[WhiteElo "1833"]
[BlackElo "1965"]

1. e4 c5 2. Nf3 Nc6 3. c3 d5 4. exd5 Qxd5 5. d4 Bg4 6. Be2 cxd4 7. cxd4 e6 8. O-O
Nf6 9. Nc3 Qd8 10. Bg5 Be7 11. Qa4 O-O 12. Rfd1 Nd5 13. Bxe7 Ncxe7 14. Rac1 Nf4
15. Qc2 Ned5 16. Qd2 Rc8 17. g3 Nxe2+ 18. Qxe2 Qf6 19. Kg2 Qh6 20. h4 f5 21. Qe5
f4 22. Nxd5 Rxc1 23. Rxc1 fxg3 24. Ne7+ Kh8 25. Ng5 Qh5 26. fxg3 h6 27. Rf1 Re8
28. Rf7 1-0

[Event "Druzynowe Mistrzostwa Polski - II Liga 2023"]
[Site "Jastrzebia Gora"]
[Date "1899-12-30"]
[Round "7.95"]
[White "Motyl, Tomasz"]
[Black "Dobrowolski, Kamil"]
[Result "1/2-1/2"]
[WhiteTitle "I++"]
[BlackTitle "II+"]
[WhiteElo "1787"]
[BlackElo "1648"]

1. e4 c5 2. c4 e5 3. Nc3 Nc6 4. g3 Nge7 5. Bg2 g6 6. d3 Bg7 7. Nge2 O-O 8. Be3
d6 9. a3 Nd4 10. O-O Nec6 11. Rb1 f5 12. Bxd4 cxd4 13. Nd5 f4 14. gxf4 exf4 15.
f3 1/2-1/2